000 00367nam a2200133Ia 4500
005 20260326235445.0
008 260326s9999||||xx |||||||||||||| ||und||
100 _aBehling, Sophia
245 0 _aSol Power :
_b La Evolución de la Arquitectura Sostenible /
_cSophia Behling
260 _bGustavo Gili
300 _a240 p.
650 _aARQUITECTURA Y CLIMA
942 _cBK
999 _c7568
_d7568